{"text_format":"3","workbook":"xls","n_sheets":6,"sheets":["2100 Drains (Open)","5100 Erosion Protc. Stonework","5200 Gabions","P&G","Tlaseng B","GRAND SUMMARY"],"not_rendered":{"external_links":2,"defined_names":10,"comments":2},"read":"whole","date_system":"1900","formulas":"cached_only"}

{"sheet":"2100 Drains (Open)","index":0,"n_rows":61,"n_cols":10,"rows_kept":61,"hidden":true,"merged":[[0,6,0,7],[1,1,1,2],[60,1,60,6]],"flags":["formulas_cached_only"]}
[]
["ITEM","DESCRIPTION",null,"LABOUR INTENSIVE METHODS","UNIT","QTY","RATE","AMOUNT",{"$error":"#REF!"},"PAYABLE AMOUNT"]
[]
[null,"DRAINS"]
[]
[21.01,"Excavation for open drains:"]
[]
[null,"(a)","Excavating soft material situated within the"]
[null,null,"following depth ranges below the surface"]
[null,null,"level:"]
[]
[null,"(i)","0m up to 1,5m","LI","m³",null,{"v":30,"d":"R 30.00"},{"v":0,"d":"R 0.00"},{"v":1222.2,"d":"1,222.20"},36666]
[]
[null,"(b)","Extra over subitem 21.01(a) for excavation in"]
[null,null," hard material, irrespective of depth","LI","m³",null,{"v":240,"d":"R 240.00"},{"v":0,"d":"R 0.00"},{"v":150,"d":"150.00"},36000]
[]
[21.02,"Clearing and shaping existing open drains",null,"LI","m³",null,{"v":60,"d":"R 60.00"},{"v":0,"d":"R 0.00"},183.33,10999.800000000001]
{"$rows_empty":43}
[2100,"TOTAL CARRIED TO SUMMARY",{"$nulls":5},{"v":0,"d":"R 0.00"},null,{"v":83665.8,"d":"R 83,665.80"}]

{"sheet":"5100 Erosion Protc. Stonework","index":1,"n_rows":62,"n_cols":10,"rows_kept":62,"hidden":true,"merged":[[0,1,0,2],[2,1,2,2],[3,1,3,2],[4,1,4,2],[5,1,5,2],[8,1,8,2],[9,1,9,2],[10,1,10,2],[11,1,11,2],[61,1,61,6]],"flags":["formulas_cached_only"]}
["ITEM","DESCRIPTION",null,"LABOUR INTENSIVE METHODS","UNIT","QTY","RATE","AMOUNT",{"$error":"#REF!"},"PAYABLE AMOUNT"]
[]
[5100,"PITCHING, STONEWORK AND PROTECTION "]
[null,"AGAINST EROSION"]
[]
[51.01,"Stone pitching:"]
[]
[null,"(a)   Plain pitching:",null,"LIC"]
[]
[null,"     (i)  Method 1",null,null,"m²",null,{"v":140,"d":"140.00"},0,{"v":3000,"d":"3,000.00"},{"v":420000,"d":"420000.00"}]
[]
[null,"     (ii) Method 2",null,null,"m²",null,{"v":150,"d":"150.00"},0,{"v":40,"d":"40.00"},{"v":6000,"d":"6000.00"}]
[]
[null,"(b)    ","Grouted stone pitching",null,"m²",null,{"v":90,"d":"90.00"},0,{"v":40,"d":"40.00"},{"v":3600,"d":"3600.00"}]
{"$rows_empty":47}
[5100,"TOTAL CARRIED TO SUMMARY",{"$nulls":5},{"v":0,"d":"0.00"},null,{"v":429600,"d":"429600.00"}]

{"sheet":"5200 Gabions","index":2,"n_rows":61,"n_cols":10,"rows_kept":61,"hidden":true,"merged":[[0,1,0,2],[3,1,3,2],[4,1,4,2],[5,1,5,2],[7,1,7,2],[8,1,8,2],[9,1,9,2],[10,1,10,2],[11,1,11,2],[27,1,27,2],[60,1,60,6]],"flags":["formulas_cached_only"]}
["ITEM","DESCRIPTION",null,"LABOUR INTENSIVE METHODS","UNIT","QTY","RATE","AMOUNT",{"$error":"#REF!"},"PAYABLE AMOUNT"]
[]
[5200,"GABIONS"]
[]
[52.01,"Foundation trench excavation and backfilling:"]
[]
[null,"(b)    ","In all other classes of material","LI","m³",null,null,{"v":0,"d":"R 0.00"},{"v":80,"d":"80.00"},0]
[]
[52.02,"Surface preparation for bedding the gabions",null,"LI","m²",null,null,{"v":0,"d":"R 0.00"},{"v":100,"d":"100.00"},0]
[]
[52.03,"Gabions:"]
[]
[null,"(a)    ","Galvanized gabion boxes:"]
[null,"         ","Mesh size : 80mm x 100mm"]
[null,"         ","Wire diameter : 2,7mm"]
[null,"         ","Diaphragm spacing : 1,0m:"]
[]
[null,"(i)","4m x 1m x 1m","LI","m³",null,null,{"v":0,"d":"R 0.00"},{"v":120,"d":"120.00"},0]
[]
[null,"(c)     ","Galvanized gabion mattresses:"]
[null,"          ","Mesh size : 80mm x 100mm"]
[null,"          ","Wire diameter : 2,5mm"]
[null,"          ","Diaphragm spacing : 1,0m:"]
[]
[null,"(i)","0,23m deep","LI","m³",null,{"v":30,"d":"R 30.00"},{"v":0,"d":"R 0.00"},null,0]
[]
[null,"(ii)","0,30m deep","LI","m³",null,{"v":25,"d":"R 25.00"},{"v":0,"d":"R 0.00"},0,0]
{"$rows_empty":33}
[5200,"TOTAL CARRIED TO SUMMARY",{"$nulls":5},{"v":0,"d":"R 0.00"},null,{"v":0,"d":"R 0.00"}]

{"sheet":"P&G","index":3,"n_rows":200,"n_cols":7,"rows_kept":200,"merged":[[0,0,0,6],[1,0,1,2],[2,1,2,2],[4,1,4,2],[5,1,5,2],[56,1,56,5],[58,0,58,5],[64,1,64,2],[77,1,77,2],[78,1,78,2],[86,1,86,5],[87,1,87,2],[96,1,96,2],[98,1,98,5],[100,1,100,2],[146,1,146,5],[148,1,148,2],[149,0,149,5],[180,1,180,2],[193,5,193,6],[199,0,199,5]],"flags":["formulas_cached_only"]}
["BILL OF QUANTITIES(BOQ): APPOINTMENT OF A CONTRACTOR FOR THE CONSTRUCTION OF TLASENG ROADS AND STORMWATER DRAINAGE- PHASE B"]
["BID NO: RLM/OMM/0076/2021/22"]
["ITEM","DESCRIPTION",null,"UNIT","BILL QTY ","RATE","AMOUNT"]
[1200,"GENERAL REQUIREMENTS AND PROVISIONS"]
[]
[12.02,"Services"]
[]
[null,"(a) Relocation and Protection of existing services"]
[]
[null,"(i)","Existing Fences","m",{"v":500,"d":"500.00"}]
[null,"(ii)","Existing Electrical Poles","No",{"v":3,"d":"3.00"},{"v":55000,"d":"R 55,000.00"},{"v":165000,"d":"R 165,000.00"}]
[null,"(iii)","Existing water lines including replacing damaged or  "]
[null,null,"shortfall fitings:"]
[null,null,"50mm diameter pipes","m",{"v":50,"d":"50.00"}]
[null,null,"63mm diameter pipes","m",{"v":30,"d":"30.00"}]
[null,null,"75mm diameter pipes","m",{"v":50,"d":"50.00"}]
[null,null,"90mm diameter pipes","m",{"v":50,"d":"50.00"}]
[null,null,"110mm diameter pipes","m",{"v":50,"d":"50.00"}]
[]
[12.03,"Compliance with OHS Act (Act 85 of 1993)"]
[]
[null,"(a)","Compliance with Occupational and Safety (Act 85 of "]
[null,null,"1993) and all relevant and applicable Regulations "]
[null,null,"and the Emploeyer's Health and Safety Specification"]
[]
[null,"(i)","Training of site personnel","Sum",{"v":1,"d":"1.00"},{"v":15000,"d":"R 15,000.00"},{"v":15000,"d":"R 15,000.00"}]
[null,"(ii)","SHE represantative","Sum",{"v":1,"d":"1.00"},{"v":10000,"d":"R 10,000.00"},{"v":10000,"d":"R 10,000.00"}]
[null,"(iii)","First aid equipments","Sum",{"v":1,"d":"1.00"},{"v":5000,"d":"R 5,000.00"},{"v":5000,"d":"R 5,000.00"}]
[null,"(iv)","Fire Fighting equipment","Sum",{"v":1,"d":"1.00"},{"v":3000,"d":"R 3,000.00"},{"v":3000,"d":"R 3,000.00"}]
[null,"(iiv)","Personal protective equipments","Sum",{"v":1,"d":"1.00"},{"v":10000,"d":"R 10,000.00"},{"v":10000,"d":"R 10,000.00"}]
[null,"(v)","Barricading","Sum",{"v":1,"d":"1.00"},{"v":3000,"d":"R 3,000.00"},{"v":3000,"d":"R 3,000.00"}]
[null,"(vi)","Signs","Sum",{"v":1,"d":"1.00"},{"v":20000,"d":"R 20,000.00"},{"v":20000,"d":"R 20,000.00"}]
[null,"(vii)","Safety Officer","Sum",{"v":1,"d":"1.00"},{"v":15000,"d":"R 15,000.00"},{"v":15000,"d":"R 15,000.00"}]
[null,"(viii)","Medical surveilance tests","Sum",{"v":1,"d":"1.00"},{"v":10000,"d":"R 10,000.00"},{"v":10000,"d":"R 10,000.00"}]
[]
[null,"(b)","Provision of an OH & S Plan in terms of clause 5 of"]
[null,null,"the schedule,prior to the commencement of works as"]
[null,null,"well as full consolidated copy of such plan at the"]
[null,null,"completion of a record of all drawings,designs,copies"]
[null,null,"of statutory appointment material used and other"]
[null,null,"similar information","Lump Sum",{"v":1,"d":"1.00"}]
[]
[null,"(c)","Provision of a risk Assessment","Lump Sum",{"v":1,"d":"1.00"}]
[]
[null,"(d)","Implementation of approved OHS plan for the"]
[null,null,"duration of the contract, including daily/weekly inspe-"]
[null,null,"ctions, monthly meetings,required audits,"]
[null,null,"consolidated health and safety file","Lump Sum",{"v":1,"d":"1.00"},{"v":7500,"d":"R 7,500.00"},{"v":7500,"d":"R 7,500.00"}]
[]
[null,"(e)","Registration with Compensation Fund or Approved"]
[null,null,"/licenced compensation insurer","months",6]
[]
[12.04,"(i)(a)","Renumeration of the Community Liaison Officer","month",6,{"v":6000,"d":"R 6,000.00"},{"v":36000,"d":"R 36,000.00"}]
[]
[null,"(b)","Handling cost and profit in respect of subitem"]
[null,null,"12.04(i)(a)","%",{"v":36000,"d":"36,000.00"}]
[1200,"TOTAL CARRIED FORWARD"]
[]
["Amount brought forward"]
[]
[null,"(ii)(a) ","Remuneration of the PSC","month",6,{"v":1400,"d":"R 1,400.00"},{"v":8400,"d":"R 8,400.00"}]
[]
[null,"(b)","Handling cost and profit in respect of subitem 12.04(ii)(a)","%",{"v":8400,"d":"8,400.00"}]
[]
[null,"(c) Prime cost item for payment to landowners for"]
[null,"     for borrow material loss of crop or other matters"]
[]
[12.05,"(i)Payment by contractor to landowners",null,"Prov. Sum",{"v":1,"d":"1.00"},{"v":15000,"d":"R 15,000.00"},{"v":15000,"d":"R 15,000.00"}]
[]
[null,"(ii)Percentage item 12.05(a)(i) for contractors charges"]
[null,"    and profit",null,"%",{"v":15000,"d":"15,000.00"}]
[]
[12.06,"Provision of setting out equipments and two assistants",null,"Lump Sum",{"v":1,"d":"1.00"}]
[null,"for the use by the Engineer"]
[]
[12.07,"Provision of Contract Sign Board",null,"No",{"v":2,"d":"2.00"}]
[]
[12.32,"Accredited training"]
[]
[null,"(a)","Generic skills","Prov. Sum",{"v":1,"d":"1.00"},{"v":50000,"d":"R 50,000.00"},{"v":50000,"d":"R 50,000.00"}]
[]
[null,"(b)","Entrepreneurial skills","Prov. Sum",{"v":1,"d":"1.00"},{"v":50000,"d":"R 50,000.00"},{"v":50000,"d":"R 50,000.00"}]
[]
[null,"©","Handling cost and profit in respect of subitem"]
[null,null,"12.32(a) and (b) above.","%",{"v":100000,"d":"100,000.00"}]
[]
[1200,"TOTAL CARRIED TO SUMMARY"]
["ITEM","DESCRIPTION",null,"UNIT","BILL QTY ","RATE","AMOUNT"]
[]
[13.03,"The Contractor's general obligations:"]
[]
[null,"(a)","Fixed obligations","Lump Sum",{"v":1,"d":"1.00"}]
[]
[null,"(b)","Value-related obligations","Lump Sum",{"v":1,"d":"1.00"}]
[]
[null,"(c)","Time-related obligations","Month",{"v":6,"d":"6.00"}]
[]
[]
[1300,"TOTAL CARRIED TO SUMMARY"]
[]
["ITEM","DESCRIPTION",null,"UNIT","BILL QTY ","RATE","AMOUNT"]
[]
[1400,"HOUSING, OFFICES AND LABORATORIES FOR"]
[null,"THE ENGINEER'S SITE PERSONNEL"]
[]
["B14,01","Office and laboratory accommodation:"]
[]
[null,"The provision of accommodation as specified,"]
[null,"including roof, external and internal walls, windows "]
[null,"complete with glazing, doors with locks and fittings,"]
[null,"burglar proofing, painting, floors, fencing, the"]
[null,"provision of a 220/250 volt electrical installation with"]
[null,"wiring, switchboards, etc, water and sewerage "]
[null,"installation, and stores, complete, in accordance with"]
[null,"the drawings and specifications, except for items"]
[null,"scheduled elsewhere:"]
[]
[null,"(a)","Offices (interior floor space only)","m²",{"v":40,"d":"40.00"}]
[]
[null,"(e)","Ablution units","m²",{"v":6,"d":"6.00"}]
[]
["B14,02","Office and laboratory furniture:"]
[]
[null,"(a)","Chairs","No.",{"v":15,"d":"15.00"}]
[]
[null,"(c)","High chairs for laboratory","No.",{"v":2,"d":"2.00"}]
[]
[null,"(d)","Desks, complete with drawers and locks","No.",{"v":2,"d":"2.00"}]
[]
[null,"(f)","Conference tables","No.",{"v":1,"d":"1.00"}]
[]
["B14,03","Office and laboratory fittings, installations and"]
[null,"equipment:"]
[]
[null,"(a)","Items measured by number:"]
[]
[null,"(i)","220/250 volt power points","No.",{"v":2,"d":"2.00"}]
[]
[null,"(ii)","400/231 volt 3- phased power point","No.",{"v":2,"d":"2.00"}]
[]
[null,"(iii)","Double 80 watt fluorescent-light fittings"]
[null,null,"complete with ballast and tubes","No.",{"v":2,"d":"2.00"}]
[]
[null,"(v)","Single incandescent-light fittings","No.",{"v":4,"d":"4.00"}]
[null,null,"complete with 100 watt globes"]
[]
[1400,"TOTAL CARRIED FORWARD"]
[]
["ITEM","DESCRIPTION",null,"UNIT","BILL QTY ","RATE","AMOUNT"]
["Amount brought forward"]
[]
["B14,03","(vi)","Wash-hand basin complete with taps "]
[null,null,"and drains","No.",{"v":1,"d":"1.00"}]
[]
[null,"(x)","Fire extinguisher 9,0 kg all purpose dry powder type,"]
[null,null,"complete, mounted on wall with brackets","No.",{"v":1,"d":"1.00"}]
[]
[null,"(xi)","Air conditioning units with2,2kW minimum capacity"]
[null,null,",mounted and with own power connection","No.",{"v":1,"d":"1.00"}]
[]
[null,"(xiv)","General-purpose steel cupboards with shelves","No.",{"v":1,"d":"1.00"}]
[]
[null,"(xvi)","Refregirator","No.",{"v":1,"d":"1.00"}]
[]
[null,"(xviii)","Voltage stabilizers","No.",{"v":2,"d":"2.00"}]
[]
[null,"(xix)","Rain Gauge","No.",{"v":2,"d":"2.00"}]
[]
[null,"(xxiii) Microwave oven",null,"No.",{"v":1,"d":"R 1.00"}]
[]
["B14,03","b) ","Prime-cost items and items paid for in a lump sum:"]
[]
[null,"  (ix)     The provision of a direct independent telephone"]
[null,null,"line for Engineer,including the cost of calls"]
[null,null,"in connection with contract administration"]
[null,null,"and  telephone rental","Prov Sum",{"v":1,"d":"1.00"},{"v":16000,"d":"R 16,000.00"},{"v":16000,"d":"R 16,000.00"}]
[]
[null,"(xii)","The provision of printing, copying and scanning facilities for the supervisory staff","Prov Sum",{"v":1,"d":"1.00"},{"v":5000,"d":"R 5,000.00"},{"v":5000,"d":"R 5,000.00"}]
[]
["B14.07","Rented, hotel and other accommodation"]
[null,"(a) Provisional sum for providing rented housing, hotel or other acomodation as described in subsubclause 14,03 (c)(ii)  RE",null,"Prov Sum",{"v":1,"d":"1.00"},{"v":87500,"d":"R 87,500.00"},{"v":87500,"d":"R 87,500.00"}]
[null,"(b) Handling costs and profit in respect of subitem 14,07(a)",null,"%",{"v":87500,"d":"R 87,500.00"}]
[]
["B14,08","Services:"]
[]
[null,"(a)    Services at offices and laboratories"]
[]
[null,"      (i)   Fixed Costs",null,"Lump sum",{"v":1,"d":"1.00"},{"v":10000,"d":"R 10,000.00"},{"v":10000,"d":"R 10,000.00"}]
[]
[null,"      (ii)  Running costs",null,"month",{"v":6,"d":"6.00"}]
[]
[1400,"TOTAL CARRIED TO SUMMARY"]
[]
["SUMMARY OF SCHEDULE OF QUANTITIES "]
["SCHEDULE A:  ROADWORKS",{"$nulls":5},"TENDER"]
[{"$nulls":6},"AMOUNT"]
[1200,"General requirements and provisions"]
[1300,"Contractor's establishment on site and general obligations "]
[1400,"Housing, offices and laboratories for the engineer's site personnel "]
["SUB-TOTAL FOR SCHEDULE - PRELIMINARY & GENERAL"]

{"sheet":"Tlaseng B","index":4,"n_rows":631,"n_cols":9,"rows_kept":631,"merged":[[0,0,0,6],[1,0,1,2],[2,1,2,2],[45,1,45,2],[46,1,46,2],[52,1,52,2],[53,1,53,2],[55,1,55,2],[56,1,56,2],[58,1,58,2],[61,1,61,2],[62,1,62,2],[85,1,85,2],[86,1,86,2],[88,1,88,2],[100,1,100,2],[108,1,108,2],[110,1,110,2],[112,1,112,2],[114,1,114,2],[116,1,116,2],[121,1,121,2],[134,1,134,2],[136,1,136,2],[148,1,148,2],[163,1,163,2],[164,1,164,2],[216,0,216,6],[217,1,217,2],[268,1,268,2],[269,1,269,2],[280,1,280,2],[299,1,299,2],[306,1,306,2],[308,1,308,2],[313,1,313,2],[314,1,314,2],[323,1,323,2],[329,1,329,2],[330,1,330,2],[338,1,338,2],[343,1,343,2],[344,1,344,2],[393,1,393,2],[394,1,394,2],[425,1,425,2],[426,1,426,2],[430,1,430,2],[431,1,431,2],[446,1,446,2],[448,1,448,2],[450,1,450,2],[454,1,454,2],[455,1,455,2],[457,1,457,2],[458,1,458,2],[459,1,459,2],[461,1,461,2],[462,1,462,2],[464,1,464,2],[465,1,465,2],[478,1,478,2],[479,1,479,2],[496,1,496,2],[506,1,506,2],[524,1,524,2],[525,1,525,2],[527,1,527,2],[528,1,528,2],[529,1,529,2],[530,1,530,2],[548,1,548,2],[549,1,549,2],[553,1,553,2],[554,1,554,2],[556,1,556,2],[557,1,557,2],[558,1,558,2],[559,1,559,2],[560,1,560,2],[571,1,571,2],[572,1,572,2],[584,1,584,2],[586,1,586,2],[587,1,587,2],[595,1,595,2],[596,1,596,2],[598,1,598,2],[599,1,599,2],[600,1,600,2],[601,1,601,2],[608,5,608,6],[630,0,630,5]],"flags":["formulas_cached_only"]}
["BILL OF QUANTITIES(BOQ): APPOINTMENT OF A CONTRACTOR FOR THE CONSTRUCTION OF TLASENG ROADS AND STORMWATER DRAINAGE- PHASE B"]
["BID NO: RLM/OMM/0076/2021/22"]
["ITEM","DESCRIPTION",null,"UNIT","BILL QTY ","RATE","AMOUNT"]
[1500,"ACCOMMODATION OF TRAFFIC"]
[]
[15.01,"Accommodating traffic and maintaining temporary"]
[null,"deviations:",null,"km",{"v":1.2,"d":"1.20"},{"$nulls":3},{"v":1200,"d":"1200.00"}]
[]
[15.02,"Earthworks for temporary deviations:"]
[]
[null,"(a)","Shaping of temporary deviations","km",{"v":1.2,"d":"1.20"}]
[null,"(b)","Cut and borrow to fill","m³",{"v":100,"d":"100.00"}]
[null,"(c)","Cut to spoil","m³",{"v":100,"d":"100.00"}]
[]
[15.03,"Temporary traffic-control facilities:"]
[]
[null,"(a)","Flagmen","man-days",{"v":440,"d":"440.00"}]
[null,"(b)","Portable STOP and GO-RY signs","No.",{"v":2,"d":"2.00"}]
[]
[null,"(h)      Delineators (TW 401 & TW 402)"]
[]
[null,"    (i)   Single",null,"No.",{"v":40,"d":"40.00"}]
[]
[null,"   (ii)   Mounted back to back",null,"No.",{"v":20,"d":"20.00"}]
[]
[null,"(m)   Delineators (TW 401 & TW 402)","Two-way communication device","No.","Rate Only ",null,"R/O"]
[]
[15.05,"Gravelling and repair of temporary deviation"]
[null,"and existing gravel shoulder used as"]
[null,"temporary deviations:"]
[]
[null," (a) ","Temporary deviations","m³",{"v":400,"d":"400.00"}]
[]
[null," (b)","Existing gravel shoulders","m³",{"v":200,"d":"200.00"}]
[]
[15.06,"Watering of temporary deviations",null,"kilolitre",{"v":700,"d":"700.00"}]
[]
[15.07,"Blading by road grader of:"]
[]
[null," (a)   Temporary deviations",null,"km-pass",{"v":800,"d":"800.00"}]
[]
[]
[]
[1500,"TOTAL CARRIED TO SUMMARY"]
[]
["ITEM","DESCRIPTION",null,"UNIT","BILL QTY ","RATE","AMOUNT"]
["ITEM","DESCRIPTION",null,"UNIT","QTY","RATE","AMOUNT"]
[]
[1600,"OVERHAUL"]
[]
[]
[16.01,"Overhaul on material hauled in excess of a free-haul "]
[null,"of distance of 0.5km for haul up to or through 1,0 km"]
[null,"(restricted overhaul)",null,"m3",{"v":1600,"d":"1,600.00"}]
[]
[16.02,"Overhaul on material in excess of 1,0 km ",null,"m3  - km",{"v":21250,"d":"21,250.00"}]
[null,"(ordinary overhaul)",null,null,"                   "]
[]
[]
[1600,"TOTAL CARRIED TO SUMMARY"]
[]
["ITEM","DESCRIPTION",null,"UNIT","BILL QTY ","RATE","AMOUNT"]
["ITEM","DESCRIPTION",null,"UNIT","QTY","RATE","AMOUNT"]
[]
[1700,"CLEARING AND GRUBBING"]
[]
[17.01,"Clearing and grubbing of:"]
[]
[null,"(a)","Normal areas:","m2",{"v":4800,"d":"4,800.00"}]
[]
[17.02,"Removal and grubbing of large trees and tree stumps:"]
[]
[null,"(a)","Girth exceeding 1m up to and including 2m","No.",{"v":4,"d":"4.00"}]
[]
[null,"(a)","Girth exceeding 2m up to and including 3m","No.",{"v":2,"d":"2.00"}]
[]
[17.03,"Reclearing of surfaces (on the written"]
[null,"instructions of the Engineer",null,"m2","Rate Only",null,"R/o"]
[]
[17.04,"Clearing and grabbing at inlets and outlets "]
[null,"of hydraulic structures",null,"m2",{"v":20,"d":"20.00"}]
[]
[]
[1700,"TOTAL CARRIED TO SUMMARY"]
[]
["ITEM","DESCRIPTION",null,"UNIT","BILL QTY ","RATE","AMOUNT"]
["ITEM","DESCRIPTION",null,"UNIT","QTY","RATE","AMOUNT"]
[]
[null,"DAYWORKS"]
[]
["B18.01","Labourers:"]
[]
[null,"(i)","Unskilled","day","R/O"]
[]
[null,"(ii)","Semi-skilled","day","R/O"]
[]
[null,"(iii)","Skilled","day","R/O"]
[]
[null,"(iv)","Survey assistant","day","R/O"]
[]
["B18.02","Foreman",null,"day","R/O"]
[]
["B18.03","Tipper trucks:"]
[]
[null,"(i)","3 - 5  ton","hr","R/O"]
[]
[null,"(ii)","5.1 - 10 ton","hr","R/O"]
[]
["B18.04","Loader (0,5m³ bucket)",null,"hr","R/O"]
[]
["B18.05","Grader (CAT 14G or similar)",null,"hr","R/O"]
[]
["B18.06","Vibratory roller (as per 33.04(b)(i))",null,"hr","R/O"]
[]
["B18.07","Grid roller (as per 33.04(b)(iii))",null,"hr","R/O"]
[]
["B18.08","Walk-behind roller (Bomag BW90)",null,"hr","R/O"]
[]
["B18.09","Air compressor, 4m3/min. complete with drills, ",null,"hr","R/O"]
[null,"jack hammers etc"]
[]
["B18.10","Water pump including all necessary hoses",null,"hr","R/O"]
[]
["B18.11","Concrete mixer (0.3m3)",null,"hr","R/O"]
[]
["B18.12","Trench vibrating roller or pad 0.6m width",null,"hr","R/O"]
[]
["B18.13","Backactor, 0,3m3",null,"hr","R/O"]
["B18.14","Tracked Excavator 20t",null,"hr","R/O"]
[]
["B18.15","Watercart, 500l",null,"hr","R/O"]
[{"$nulls":4}," "]
[1800,"TOTAL CARRIED TO SUMMARY"]
[]
["ITEM","DESCRIPTION",null,"UNIT","BILL QTY ","RATE","AMOUNT"]
[]
[2100,"DRAINS"]
[]
[21.02,"Excavation:"]
[]
[null,"(a)","Excavating soft material situated within the"]
[null,null,"following depth ranges below the surface level:"]
[]
[null,"(i)","0m up to 2,0","m³",{"v":864,"d":"864.00"}]
[]
[null,"(a)","Backfilling using the excavated material","m³",{"v":691.2,"d":"691.20"}]
[]
[21.04,"Subsoil Drainage:"]
[]
[null,"(i)","Pipes"]
[]
[null,null,"100mm Perforated pipes","m",{"v":1200,"d":"1,200.00"}]
[]
[null,"(ii)","Natural permeable material"]
[]
[null,null,"19mm crushed stones","m³",{"v":384,"d":"384.00"}]
[]
[null,"(iii)","Synthetic-fibre filter fabric"]
[]
[null,null,"Bidim geotextiles","m²",{"v":2400,"d":"2,400.00"}]
[{"$nulls":4}," "]
[2100,"TOTAL CARRIED TO SUMMARY"]
[]
["ITEM","DESCRIPTION",null,"UNIT","BILL QTY ","RATE","AMOUNT"]
["ITEM","DESCRIPTION",null,"UNIT","QTY","RATE","AMOUNT"]
[]
[2200,"PREFABRICATED CULVERTS"]
[]
[22.01,"Excavation:"]
[]
[null,"(a)","Excavating soft material situated within the"]
[null,null,"following depth ranges below the surface level:"]
[]
[null,"(i)","0m up to 2,0","m³",{"v":144,"d":"144.00"}]
[]
[null,"(ii)","Exceeding 2,0m and up to 3,0m","m³",{"v":180,"d":"180.00"}]
[]
[null,"(b) ","Extra over subitem B22.01(a) for excavation in"]
[null,null,"hard material, irrespective of the depth","m³",{"v":32.4,"d":"32.40"}]
[]
[22.02,"Backfilling:"]
[]
[null,"(a)","Using the excavated material","m³",285.12]
[]
[null,"(b) ","Using imported selected material","m³",71.28]
[]
[null,"(c)","Extra over subitems 22.02(a) and (b) for"]
[null,null,"soil cement backfilling (Portland cement, 5%"]
[null,null,"of the dry mass)","m³",{"v":100,"d":"100.00"}]
[]
["B22.03","Concrete pipe culverts :"]
[]
[null,"(a)","On Class B bedding: "]
[]
[null,"(i) ","Type Rectangular poatals SANS 986"]
[]
[null,null,"(i) 450mm","m","Rate Only",null,"R/O"]
[]
[null,null,"(1)  600 mm ","m",{"v":28.57142857142857,"d":"28.57"}]
[]
[null,null,"(2)  900mm ","m",{"v":17.14285714285714,"d":"17.14"}]
[]
[null,"(b)     On class C bedding:Without prefabricated floor slabs, SANS 986","On class C bedding:"]
[]
[null,"(i) ","Type Rectangular poatals SANS 986"]
[]
[null,null,"(1)  600 mm x 450mm","m","Rate Only",null,"R/O"]
[]
[null,null,"(2)  750mm x 450mm","m","Rate Only",null,"R/O"]
[null,"(c)  Without prefabricated  floor slabs, SANS 986"]
[]
[]
[null,null,"(1)  600 mm x 450mm","m","Rate Only",null,"R/O"]
[]
[null,null,"(2)  750mm x 450mm","m","Rate Only",null,"R/O"]
[2200,"TOTAL CARRIED FORWARD"]
[]
["ITEM","DESCRIPTION",null,"UNIT","BILL QTY ","RATE","AMOUNT"]
["                                               Amount brought forward"]
[]
[22.04,"Cast in situ concrete and formwork"]
[null,"(a)","In floor slabs for portal or rectangular culverts,including "]
[null,null,"formwork,joints and class U2 surface finish:"]
[]
[null,"    (i)     25MPa/19 mm concrete",null,"m³","Rate Only",null,"R/O"]
[null," (b)    ","In inlet and outlet structures,skewed ends,catchpits"]
[null,null,"manholes,thrust and anchor blocks,excluding formwork,but"]
[null,null,"including class U2 surface finish:"]
[]
[null,"    (i)    ","Class 25MPa/19 mm concrete","m³",{"v":180,"d":"180.00"}]
[]
[null,"  (c)   Formwork of concrete under subitem"]
[]
[null,"     (I)  Class F1 surface finish",null,"m²",{"v":1800,"d":"1,800.00"}]
[]
[null,"     (ii) Class F2 surface finish",null,"m²","Rate Only",null,"R/O"]
[]
[{"v":22.5,"d":"22.50"},"Steel reinforcement"]
[]
[null,null,"(a) Mild steel bars","t",{"v":1,"d":"1.00"}]
[]
[null,null,"(b) High tensile steel bars","t",{"v":1,"d":"1.00"}]
[]
[{"v":22.6,"d":"22.60"},"Brickwork"]
[]
[null,"(a) 115 mm thick",null,"m²","Rate Only",null,"R/O"]
[]
[null,"(b) 230 mm thick",null,"m²",{"v":80,"d":"80.00"}]
[]
[null,"(c) 345 mm thick",null,"m²","Rate Only",null,"R/O"]
[]
[{"v":22.7,"d":"22.70"},"Hand excavation"]
[]
[null,"(a) To determine the position of excisting services"]
[]
[null,null,"(ii)  in all othe areas","m³",{"v":150,"d":"150.00"}]
[]
[null,"(b)  To expose existing services to 0.6 m on either side of the service",null,"m³",{"v":20,"d":"20.00"}]
[]
[{"v":22.8,"d":"22.80"},"Manholes, catchpits, precast inlets and outlet structures "]
[null,"complete:"]
[]
[null,"(a)","Manholes (See standard drawings)","No",{"v":5,"d":"5.00"}]
[]
[null,"(b)","Precast inlet and outlet structures (see standard drawings)","No",{"v":5,"d":"5.00"}]
[]
[2200,"TOTAL CARRIED TO SUMMARY"]
[]
["ITEM","DESCRIPTION",null,"UNIT","BILL QTY ","RATE","AMOUNT"]
["ITEM","DESCRIPTION",null,"UNIT","QTY","RATE","AMOUNT"]
[]
[2300,"CONCRETE KERBING, CONCRETE CHANNELLING,"]
[null,"OPEN CONCRETE CHUTES AND CONCRETE LININGS"]
[null,"FOR OPEN DRAINS"]
[]
[23.01,"Concrete kerbing:"]
[]
[null,"(a)  ","Prefabricated barrier kerbs SABS 927(1969) fig 8 as "]
[null,null,"shown on the dwg ","m",{"v":1200,"d":"1,200.00"}]
[]
[null,"(b)     300mm X 200mm cast in situ class 25/19 concrete  "]
[null,null,"edge beams, as shown on the dwg","m",{"v":80,"d":"80.00"}]
[]
[23.02,"Concrete kerbing-channelling combination:"]
[]
[null,"(a) ","(i) Prefabricated mountable kerbs SABS 927(1969)"]
[null,null,"fig 8  as shown on the dwg ","m","Rate Only",null,"R/O"]
[]
[23.07,"Trimming of excavations for concrete-lined"]
[null,"open drains:"]
[null,"(a)","In soft material","m²",{"v":2400,"d":"2400.00"}]
[]
[null,"(b)","In hard material","m²","Rate Only",null,"R/O"]
[]
[23.08,"Concrete lining for open drains"]
[]
[null,"(a)","Cast in situ concrete V-drain (Class 25/19) in Road crossings","m³",{"v":40.5,"d":"40.50"}]
[]
[23.09,"Formwork to cast in situ Concrete Lining for Open Drains"]
[null,"(Class F2 surface finish)"]
[]
[null,"(a) To Sides with Formwork on the internal face only",null,"m²",{"v":140,"d":"140.00"}]
[]
[null,"(b) To sides with Formwork on both internal and External faces "]
[null,"( each face measured)",null,"m²",{"v":280,"d":"280.00"}]
[]
[null,"(c) To Ends of Slabs",null,"m²",{"v":5,"d":"5.00"}]
[]
[{"v":23.1,"d":"23.10"},"Sealed Joints in Concrete linings of open drains"]
[null,"(description of type with Refence drawing)",null,"m",{"v":100,"d":"100.00"}]
[]
[2300,"TOTAL CARRIED TO SUMMARY"]
[]
["ITEM","DESCRIPTION",null,"UNIT","BILL QTY ","RATE","AMOUNT"]
["ITEM","DESCRIPTION",null,"UNIT","QTY","RATE","AMOUNT"]
[]
[3100,"BORROW MATERIALS"]
[]
[31.01,"Excess overburden",null,"m³",{"v":4500,"d":"4,500.00"}]
[]
[]
[31.03,"Finishing-off borrow areas in:"]
[]
[null,"(a)  Hard material",null,"ha",{"v":0.5,"d":"0.50"}]
[null,"(b)","Intermediate material","ha",{"v":0.5,"d":"0.50"}]
[null,"(c)","Soft material","ha",{"v":0.5,"d":"0.50"}]
[]
[3100,"TOTAL CARRIED TO SUMMARY"]
[]
["ITEM","DESCRIPTION",null,"UNIT","BILL QTY ","RATE","AMOUNT"]
["ITEM","DESCRIPTION",null,"UNIT","QTY","RATE","AMOUNT"]
[null,"SELECTION,STOCKPILING AND BREAKING DOWN THE "]
[3200,"MATERIAL FROM BORROW PITS,CUTTING AND"]
[null,"EXISTING PAVEMENT LAYERS, PLACING AND"]
[null,"COMPACTING THE GRAVEL LAYERS"]
[]
[32.04,"Removal of oversize material",null,"m³",{"v":300,"d":"300.00"}]
[]
[32.06,"Stockpilling of material",null,"m³",{"v":1220,"d":"1,220.00"}]
[]
[]
[3200,"TOTAL CARRIED TO SUMMARY"]
[]
["ITEM","DESCRIPTION",null,"UNIT","BILL QTY ","RATE","AMOUNT"]
["ITEM","DESCRIPTION",null,"UNIT","QTY","RATE","AMOUNT"]
[3300,"MASS EARTHWORKS"]
[33.01]
[null,"Cut and borrow to fill, including free-haul up to 0.5km:"]
[null,"(a)  ","Material in compacted layer thicknesses of"]
[null,null,"200mm and less:"]
[null,"(i)","Compacted to 90% of modified AASHTO density","m³",{"v":1452.0000000000002,"d":"1,452.00"}]
[]
[33.03,"Extra over item 33.01 for excavating and"]
[null,"breaking down material in:"]
[null,"(a) ","Intermediate excavation","m³","Rate Only",null,"R/O"]
[null,"(b)","Hard excavation","m³","Rate Only",null,"R/O"]
[]
[33.04,"Cut to spoil, including free-haul up to 1km."]
[null,"Material obtained from:"]
[null,"(a) ","Soft excavation","m³",{"v":2178,"d":"2,178.00"}]
[null,"(b)","Intermediate excavation","m³",{"v":435.6,"d":"435.60"}]
[null,"(c)","Hard Excavation","m³",{"v":217.8,"d":"217.80"}]
[]
[]
[33.09,"Material bladed to window",null,"m³",{"v":500,"d":"500.00"}]
[]
[{"v":33.1,"d":"33.10"},"Roaded preparation and the compaction of"]
[null,"material"]
[]
[null,"(a)  "," compacted  to 93% om modified AASHTO density","m³",{"v":500,"d":"500.00"}]
[]
[]
[33.12,"In situ treatment of roadbed"]
[]
[null,"(a)  ","in situ treatment by ripping","m³",{"v":990,"d":"990.00"}]
[]
[33.13,"Finishing off cut and fill slopes, medians and"]
[null,"interchange areas"]
[]
[null,"(a)","Cut slopes","m2",{"v":1200,"d":"1,200.00"}]
[null,"(b)","Fill slopes","m2",{"v":2400,"d":"2,400.00"}]
[]
[{"v":33.2,"d":"33.20"},"Fill constructed with material obtained from"]
[null,"commercial sources or sources providing by"]
[null,"the Contactor,including all haul:"]
[]
[null,"(a)","Gravel material in compacted layer"]
[null,null,"thicknesses of 200 mm and less:"]
[]
[null,null,"(i)  Compacted to 90% modified"]
[null,null,"       AASHTO density","m³",{"v":990,"d":"990.00"}]
[3300,"TOTAL CARRIED TO SUMMARY"]
[]
["ITEM","DESCRIPTION",null,"UNIT","BILL QTY ","RATE","AMOUNT"]
["ITEM","DESCRIPTION",null,"UNIT","QTY","RATE","AMOUNT"]
[]
[3400,"PAVEMENT LAYERS OF GRAVEL MATERIAL"]
[]
["B34.01","Pavement layers constructed from gravel "]
[null,"taken from cut, stockpile or borrow or commercial Source, "]
[null," including free-haul up to 1,0km:"]
[{"$nulls":4},"."]
[null,"(i)","93% of modified AASHTO (density for a"]
[null,null,"compacted Selected layer thickness of 150mm)","m³",{"v":990,"d":"990.00"}]
[]
[null,"(e)","Gravel sub base ( Chemically stabilized Gravel material) "]
[null,null,"compacted to:"]
[]
[" ","(i)","97% modified AASHTO density (150mm thick) ","m³",{"v":990,"d":"990.00"}]
[]
[]
[34.11,"Watering the pavement excavation floor",null,"kilolitre",{"v":400,"d":"400.00"}]
[]
["34/16.00",null,"Overhaul"]
["34/16.01",null,"Overhaul on material hauled in excess of a free-haul"]
[null,null,"distance of 0.5km, for haul up to or through 1.0km"]
[null,null,"(restricted overhaul)","m3",{"v":4455,"d":"4,455.00"}]
["34/16.02",null,"Overhaul on material hauled in excess of 1.0km"]
[null,null,"(ordinary overhaul)","m3-km",{"v":29700,"d":"29,700.00"}]
[]
["34/32.04","LI","Removal of oversize pavement material ","m3",{"v":99,"d":"99.00"}]
[]
[]
[3400,"TOTAL CARRIED TO SUMMARY"]
[]
["ITEM","DESCRIPTION",null,"UNIT","BILL QTY ","RATE","AMOUNT"]
["ITEM","DESCRIPTION",null,"UNIT","QTY","RATE","AMOUNT"]
[]
[3500,"STABILIZATION"]
[]
[35.01,"Chemical stabilization extra over unstabilized"]
[null,"compacted layers:"]
[]
[null,null,"(a) 150mm Gravel Sub base ","m³",{"v":990,"d":"990.00"}]
[]
[35.02,"Chemical stabilizing agent:"]
[]
[null,"(a)","Ordinary portland cement","t",62.37]
[]
[null,"(b)","Strata Soilstab ","m²","Rate Only",null,"R/O"]
[]
[35.04,"Provision and application of water for curing ",null,"kl",{"v":500,"d":"500.00"}]
[null,"stabilized layers"]
[]
[3500,"TOTAL CARRIED TO SUMMARY"]
[]
["ITEM","DESCRIPTION",null,"UNIT","BILL QTY ","RATE","AMOUNT"]
[]
[3600,"CRUSHED-STONE BASE"]
[]
[36.01,"Crushed-stone base:"]
[null,null,"Constructed from type G1 Graded Crushed Stone material obtained from "]
[null,null,"commercial sources "]
[]
[null,"(a) 150mm G1 Crusher run material compacted to:",null,"m3",{"v":825,"d":"825.00"}]
[null,"      88% of apparent relative density"]
[]
[36.02,"Additional compaction"]
[null,"(a) Extra over sub-item 36.01(a) for compaction to 89%",null,"m3",{"v":660,"d":"660.00"}]
[null,"      of relative density"]
[]
[36.03,"Crushed stone base trial section constructed in "]
[null,"accordance with the provisions of clause 3603"]
[]
[null,"(a) 150mm G1 Crusher run material compacted to:",null,"m3",{"v":165,"d":"165.00"}]
[null,"      88% of apparent relative density"]
{"$rows_empty":10}
[3600,"TOTAL CARRIED TO SUMMARY"]
[]
["ITEM","DESCRIPTION",null,"UNIT","BILL QTY ","RATE","AMOUNT"]
["ITEM","DESCRIPTION",null,"UNIT","QTY","RATE","AMOUNT"]
[]
[5600,"ROAD SIGNS"]
[]
[56.01,"Road sign boards with painted or colour semi-matt"]
[null,"background. Symbol, letting and borders in semi-matt black"]
[null,"or in Class I retroflective materials, where the sign board "]
[null,"is constructed from."]
[null,"© Prepainted galvanised steel plate (Chromadek or "]
[null,"approved equivalent):"]
[]
[null,"(I) Area not exceeding 2m2",null,"m²",{"v":15,"d":"15.00"}]
[]
[null,"(ii)Area exceeding 2m2 but not 10m2",null,"m²",{"v":15,"d":"15.00"}]
[]
[56.02,"Extra over item 56.01 for using"]
[]
[null,"(a) Background of retro-refelctive material"]
[]
[null,"     (I)  Class I",null,"m²",{"v":15,"d":"15.00"}]
[]
[56.03,"Road sign supports"]
[]
[null,"(a) Steel tubing:"]
[null,"\"D\"-shaped steel tubing profile"]
[]
[null,"(i) 75mm diameter and 3,5mm wall thickness",null,"t",{"v":1.6,"d":"1.60"}]
[]
[]
[56.05," Excavation and backfilling or road sign supports"]
[null,"( not applicable to kilometre posts)",null,"m³",{"v":6,"d":"6.00"}]
[]
[56.06,"Extra over item 56.05 for cement-treated soil",null,"m³",{"v":6,"d":"6.00"}]
[null,"backfill"]
[56.07,"Extra over item 56.05 for rock excavation",null,"m³",{"v":1,"d":"1.00"}]
[56.08,"Dismantling and re-erecting  road signs with a"]
[null,"surface area of"]
[null,"(a) Up to 2m2",null,"m²",{"v":2,"d":"2.00"}]
[]
[null,"( b )"," Exceeding 2m2 but not 10m2","m²",{"v":2,"d":"2.00"}]
[]
[56.09,"Dismantling and storing road signs with a",null,"No"]
[null,"surface area of"]
[5600,"TOTAL CARRIED TO SUMMARY"]
[]
["ITEM","DESCRIPTION",null,"UNIT","BILL QTY ","RATE","AMOUNT"]
["ITEM","DESCRIPTION",null,"UNIT","QTY","RATE","AMOUNT"]
[]
[5700,"ROAD MARKINGS"]
[]
[57.02,"Retro-reflective road-marking paint:"]
[]
[null,"(a)     ","White lines (broken or unbroken):"]
[]
[null,"(i)","100mm wide","km",{"v":2.4,"d":"2.40"}]
[null,"(ii)","150mm wide","km",{"v":0.8,"d":"0.80"}]
[]
[null,"(b)    ","Yellow lines (broken or unbroken):"]
[null,"(i)","100mm wide","km","Rate Only",null,"R/O"]
[null,"(ii)","150mm wide","km","Rate Only",null,"R/O"]
[]
[null,"(d)    ","White lettering and symbols","m²",{"v":20,"d":"20.00"}]
[null,"(e)    ","Yellow lettering and symbols","m²","Rate Only",null,"R/O"]
[]
[57.04,"Variation in rate of application:"]
[null,"(a)","White paint","litre",{"v":1440,"d":"1,440.00"}]
[]
[null,"(b)","Yellow paint","litre","Rate Only",null,"R/O"]
[]
[57.06,"Setting out and premarking the lines"]
[null,"(excluding traffic island markings, lettering"]
[null,"and symbols)",null,"km",{"v":2.4,"d":"2.40"}]
[5700,"TOTAL CARRIED TO SUMMARY"]
[]
["ITEM","DESCRIPTION",null,"UNIT","BILL QTY ","RATE","AMOUNT"]
["ITEM","DESCRIPTION",null,"UNIT","QTY","RATE","AMOUNT"]
[]
[5900,"FINISHING THE ROAD AND ROAD RESERVE"]
[null,"AND TREATING OLD ROADS"]
[]
[59.01,"Finishing off the road and road reserve"]
[]
[]
[null,"(b)      ","Single carriageway road","km",{"v":1200,"d":"1,200.00"}]
[]
[null,"(b)","Treatment of old roads and temporary deviations","km",{"v":1200,"d":"1,200.00"}]
[]
[]
[]
[]
[5900,"TOTAL CARRIED TO SUMMARY"]
[]
["ITEM","DESCRIPTION",null,"UNIT","BILL QTY ","RATE","AMOUNT"]
["ITEM","DESCRIPTION",null,"UNIT","QTY","RATE","AMOUNT"]
[]
[7300,"CONCRETE BLOCK PAVING FOR ROADS"]
[]
[73.01,"Concrete Block Paving:"]
[]
[null,"Provide and Construct interlocking paving lain in herringbone"]
[null,"pattern 80 mm thick, 25 Mpa Type S-A concrete paving blocks."]
[null,"price must include bedding, Sand layer, Compaction and",null,"m²",{"v":7260.000000000001,"d":"7,260.00"}]
[null,"finishing ( Colour to suit Client)"]
[]
[73.03,"Provision of approved herbicide and ant poison :"]
[null,"(a) Provision of materials",null,"Prov Sum",{"v":1,"d":"1.00"},{"v":20000,"d":"20000.00"},{"v":20000,"d":"R 20,000.00"}]
[]
[null,"(b) Contractor's charges and profit added to the prime",null,"%",{"v":20000,"d":"20,000.00"}]
[null,"      cost sum"]
[]
[]
[]
[]
[]
[7300,"TOTAL CARRIED TO SUMMARY"]
[]
["ITEM","DESCRIPTION",null,"UNIT","BILL QTY ","RATE","AMOUNT"]
["ITEM","DESCRIPTION",null,"Unit","QTY","RATE","AMOUNT"]
[]
[8100,"TESTING MATERIALS AND WORKMANSHIP"]
[]
[81.02,"Other special tests requested by the engineer",null,"Prov Sum",{"v":1,"d":"1.00"},{"v":50000,"d":"50000.00"},{"v":50000,"d":"R 50,000.00"}]
[]
[]
[]
[]
[8100,"TOTAL CARRIED TO SUMMARY",{"$nulls":4},"Lump sum"]
[]
[]
["SUMMARY OF SCHEDULE OF QUANTITIES (Street 1)"]
["SCHEDULE A:  ROADWORKS",{"$nulls":5},"TENDER"]
[{"$nulls":6},"AMOUNT"]
[1500,"Accommodation of traffic "]
[1600,"Overhaul"]
[1700,"Clearing and grubbing"]
[1800,"Dayworks "]
[2100,"Drains"]
[2200,"Prefabricated Culverts"]
[2300,"Concrete kerbing, concrete channelling, open concrete chutes and "]
[null,"concrete linings for open drains "]
[3100,"Borrow materials"]
[3200,"Selection,stockpiling and breaking down the material"]
[3300,"Mass earthworks "]
[3400,"Pavement layers of gravel material "]
[3500,"Stabilization "]
[3600,"Crushed-Stone Sub Base"]
[5600,"Road signs"]
[5700,"Road markings"]
[5900,"Finishing the road and road reserve and treating old roads "]
[7300,"Concrete Block Paving for Roads"]
[8100,"Testing materials and workmanship"]
["SUB-TOTAL FOR SCHEDULE - STREET1"]

{"sheet":"GRAND SUMMARY","index":5,"n_rows":20,"n_cols":9,"rows_kept":20,"merged":[[0,0,0,6],[1,0,1,4]],"flags":["formulas_cached_only"]}
["BILL OF QUANTITIES(BOQ): APPOINTMENT OF A CONTRACTOR FOR THE CONSTRUCTION OF TLASENG ROADS AND STORMWATER DRAINAGE- PHASE B"]
["BID NO: RLM/OMM/0076/2021/22"]
["SUMMARY OF SCHEDULE OF QUANTITIES",{"$nulls":5},"TENDERED AMOUNT",{"$error":"#REF!"}]
[]
["BILL 1","PRELIMINARY & GENERAL (Page C2.5)",{"$nulls":4},0,{"v":83665.8,"d":"R 83,665.80"}]
[{"$nulls":7},{"$error":"#REF!"}]
["BILL 2","TLASENG PHASE A - ROADS 1,2KM (Page C2.19)",{"$nulls":4},0,{"$error":"#REF!"},{"$error":"#REF!"}]
[]
["SUB-TOTAL FOR SCHEDULE WORK (A)",{"$nulls":5},0,{"$error":"#REF!"},{"$error":"#REF!"}]
[]
["5% CONTINGENCIES",{"$nulls":5},0]
[]
["SUB-TOTAL (B)",{"$nulls":5},0]
[]
["VAT (15%) …………………...…………………………………………………………",{"$nulls":5},0,{"$error":"#REF!"}]
[]
["TENDER SUM CARRIED TO FORM OF TENDER …………………...…",{"$nulls":5},0]
[]
[]
[null,null," "]